000 00902nam a2200277Ia 4500
001 Para_8900
003 CHAP
008 220125s2004 xx 000 0 und d
010 _a205822
040 _cCHAP
082 _aPA 630 U3
110 _aUACh. Departamento Parasitología Agrícola
_9164025
245 _aResumenes de tesis profesionales septiembre 2001 . julio 2004 /
_c por UACh. Departamento Parasitología Agrícola
260 _aChapingo, Méx. :
_b UACh. Departamento de Parasitología Agrícola
300 _a145 p.
650 _aAgricultura
_x estudio y enseñanza
_xMéxico
_9149129
650 _aAgricultura
_x experimentación
_91476
650 _aAgricultura
_x investigación
_91577
901 _aPA 630 U3
902 _aA
905 _a0000002004 0000000000 00
910 _a2004
942 _cPARA
942 _cPARA
_d1
999 _c205822
_d205822